000 01263cad a22002175a 4500
001 L154985
008 120214s2012 xxk 000 0 eng d
035 _a(Sirsi) u154985
041 0 _aeng
050 _a338.47624 $2 18
110 2 _aRoyal Institution of Chartered Surveyors
_bEconomics
_95033
245 0 0 _aRICS construction market survey
_bUnited Kingdom, fourth quarter 2011
_h[electronic resource]
260 _aLondon
_bRICS
_c2012
490 _aRICS Construction Market Survey United Kingdom
_vFourth Quarter 2011
520 _aThe Q4 2011 RICS Construction Market Survey showed total workloads at the national level fell a little further, with the net balance declining from -1 to -7. Private commercial building remains the only area not recording falling workloads at this point in time, with a net balance of +2. By way of contrast, the public sector continued to record the most severe falls in workloads, with the net balances of public housing and other public works at -17 and -22 respectively.
590 _aKA
651 4 _aUnited Kingdom
_y
690 _aConstruction management
_96230
856 4 0 _uhttps://www.rics.org/site/download_feed.aspx?fileID=11223&fileExtension=PDF
_zView the report free of charge at www.rics.org.
942 _n0
999 _c113270
_d113270